Sports Quiz

Random Sports or Clickable Quiz

Don't Get Blocked! Quiz Stats

 Plays Quiz Updated Apr 2, 2012

Support Sporcle.
Go Orange.
Score 0/5 Timer 01:00
2 Plays Today
% Correct
Giants
93.9%
Jets
89.1%
Cardinals
86.8%
Kings
78.3%
Rangers
75.9%

You're not logged in!

Compare scores with friends on all Sporcle quizzes.
OR
Log In

From the Vault

Apples or Oranges

by SomeChaz

They may both be fruit, but they really shouldn't be compared.
Remove Ads.
Support Sporcle.
Get the best of Sporcle when you Go Orange. This ad-free experience offers more features, more stats, and more fun while also helping to support Sporcle. Thank you for becoming a member.

Show Comments

Extras

Top Quizzes Today


Score Distribution

Your Account Isn't Verified!

In order to create a playlist on Sporcle, you need to verify the email address you used during registration. Go to your Sporcle Settings to finish the process.

Report this User

Report this user for behavior that violates our Community Guidelines.

Details: